Datum a čas kvízu
30
Celkem bodů
Celkový počet nahraných bodů na tomto kvízu bez doplňovacích otázek.
7.
Pořadí na kvízu
Konečné umístění týmu na tomto kvízu.
Zaznamenané odpovědi
| # | Otázka | Odpověď | Body | Výsledky |
|---|---|---|---|---|
| 1. | Ukrajinský prezident Volodymyr... | klíč od Senátu, tričko | 0.5 | |
| 2. | Parlament jednoho evropského s... | Rakousko | 1 | |
| 3. | Hlavní cenu na karlovarském fi... | Bulharska | 0 | |
| 4. | Jak se nazývá nová sociální sí... | Threads | 0 | |
| 5. | O víkendu se v okolí Mladé Bol... | Rally Bohemia | 0 | |
| 6. | Prověříme váš přehled o histor... | A) Botticelli a Villon | 0 | |
| 7. | Co si myslíte, mohl vojevůdce... | ne | 0 | |
| 8. | Seřaďte tyto domácí události 2... | 1C 2D 3B 4A | 1 | |
| 9. | Která z těchto historických os... | B | 1 | |
| 10. | Která z následujících událostí... | C | 0 |